01574cam a2200265Ia 4500020002400000020002400024020002100048020001500069040001000084041000800094082002600102100002000128245005200148250002400200260029200224300002700516520054700543650002801090650001801118700002101136700002701157710002501184710006001209710003901269 a9789290447214 (OIE) a9789251057544 (FAO) a9251057540 (FAO) a9290447214 cBTCTA1 hfre a636 ASS 2009 A056 Or.1 aDufour, Barbara10aEpidemiological surveillance in animal health / a2nd ed., English ed a[Paris] :bCentre de coop©♭ration international en recherche agronomique pour le d©♭veloppement :bFood and Agriculture Organization of the United Nations :bWorld Organisation for Animal Health :bAssociation pour l'©œtude de l'©œpid©♭miologie des Maladies Animales,cc2009 a386 p. :bill. ;c21cm aThis book is the result of collaboration among epidemiological surveillance specialists at all the operational echelons of an epidemiological surveillance network: organization, training, data management and evaluation. Part one provides readers with all the methodological elements they need to help create, operate and evaluate an epidemiological surveillance networks in operation. It shows that all networks use the same methodological procedure even though their surveillance subjects and methods vary so widely.--Publisher's description 0aVeterinary epidemiology 0aAnimal health1 aHendrikx, Pascal1 aThonnat, J©♭r©þme2 aCIRAD (Organization)2 aFood and Agriculture Organization of the United Nations2 aInternational Office of Epizootics